000 00555nam a22001931c 4500
001 a987689661
008 180605s1973 gw |||| 000u ger d
020 _a3525361599
_93-525-36159-9
041 _ager
100 1 _aSchulz, Gerhard
245 0 0 _aGeschichte heute :
_bPositionen, Tendenzen und Probleme /
_chrsg. von Gerhard Schulz
264 _aGöttingen :
_bVandenhoeck & Ruprecht,
_c1973
300 _a327 S.
650 0 _aGeschichtswissenschaft
650 0 _aGeschichtsphilosophie
942 _cMG
040 _cRU-10907106
003 RU-10907106
999 _c49922
_d49922